| 000 | 00711nam a2200277Ia 4500 | ||
|---|---|---|---|
| 001 | 7896 | ||
| 005 | 20240113234040.0 | ||
| 007 | ta | ||
| 008 | 050713s1992 a g b000 u eng u | ||
| 020 | _cPB | ||
| 040 | _aCotton College Assam | ||
| 041 | _aeng | ||
| 082 |
_a581.5 _bMi 68 Ma |
||
| 100 | _aMisra, K.C. . | ||
| 245 | 0 |
_aManual of Plant Ecology / _cK.C.Misra. _hTextual Documents |
|
| 250 | _a4th ed / | ||
| 260 |
_aNew Delhi : _bOxford & IBH Publishing Co.Pvt. Ltd. , _c1992. |
||
| 300 |
_axv,483p. : _bill ; _c22cm. . |
||
| 504 | _aIndex | ||
| 653 | _aBotany | ||
| 653 | _aPlant Ecology | ||
| 653 | _aEcology Plant | ||
| 942 |
_2ddc _cBK |
||
| 999 |
_c7883 _d7883 |
||